<?xml version="1.0" encoding="UTF-8"?>
<record
    xmlns:xsi="http://www.w3.org/2001/XMLSchema-instance"
    xsi:schemaLocation="http://www.loc.gov/MARC21/slim http://www.loc.gov/standards/marcxml/schema/MARC21slim.xsd"
    xmlns="http://www.loc.gov/MARC21/slim">

  <leader>02419nam a2200313 i 4500</leader>
  <controlfield tag="003">DO-SdBNP</controlfield>
  <controlfield tag="005">20250611073819.0</controlfield>
  <controlfield tag="007">ta</controlfield>
  <controlfield tag="008">240815s2023    dr d          000 j spa d</controlfield>
  <datafield tag="020" ind1=" " ind2=" ">
    <subfield code="a">9789945644586</subfield>
  </datafield>
  <datafield tag="040" ind1=" " ind2=" ">
    <subfield code="a">DO-SdBNP</subfield>
    <subfield code="b">spa</subfield>
    <subfield code="c">BNPHU</subfield>
    <subfield code="e">rda</subfield>
  </datafield>
  <datafield tag="082" ind1=" " ind2=" ">
    <subfield code="2">22</subfield>
    <subfield code="b">R426ma</subfield>
  </datafield>
  <datafield tag="110" ind1="1" ind2=" ">
    <subfield code="a">Rep&#xFA;blica Dominicana.</subfield>
    <subfield code="b">Ministerio de Salud P&#xFA;blica</subfield>
    <subfield code="9">80830</subfield>
  </datafield>
  <datafield tag="240" ind1="1" ind2=" ">
    <subfield code="a">Tratamiento Preventivo para Tuberculosis /</subfield>
  </datafield>
  <datafield tag="245" ind1="1" ind2="0">
    <subfield code="a">Manual de procedimientos para la administraci&#xF3;n del tratamiento preventivo para tuberculosis (TPT) /</subfield>
  </datafield>
  <datafield tag="264" ind1=" " ind2="1">
    <subfield code="a">Santo Domingo :</subfield>
    <subfield code="b">Mspas,</subfield>
    <subfield code="c">2023.</subfield>
  </datafield>
  <datafield tag="300" ind1=" " ind2=" ">
    <subfield code="a">69 p&#xE1;ginas,  </subfield>
    <subfield code="b">graf&#xED;cas </subfield>
    <subfield code="c">22 cm.</subfield>
  </datafield>
  <datafield tag="336" ind1=" " ind2=" ">
    <subfield code="2">rdacontent</subfield>
    <subfield code="a">texto</subfield>
    <subfield code="b">txt</subfield>
  </datafield>
  <datafield tag="337" ind1=" " ind2=" ">
    <subfield code="2">rdamedia</subfield>
    <subfield code="a">sin mediaci&#xF3;n </subfield>
    <subfield code="b">n</subfield>
  </datafield>
  <datafield tag="338" ind1=" " ind2=" ">
    <subfield code="2">rdacarrier</subfield>
    <subfield code="a">volumen</subfield>
    <subfield code="b">nc</subfield>
  </datafield>
  <datafield tag="500" ind1=" " ind2=" ">
    <subfield code="a">Libro en espiral.</subfield>
  </datafield>
  <datafield tag="504" ind1=" " ind2=" ">
    <subfield code="a">Bibliograf&#xED;a p: 62-64.</subfield>
  </datafield>
  <datafield tag="520" ind1=" " ind2=" ">
    <subfield code="a">La tuberculosis (TB) persiste como un problema de salud p&#xFA;blica en la Rep&#xFA;blica Dominicana, afectando especialmente a poblaciones cl&#xED;nica y socialmente vulnerables. El tratamiento preventivo de la TB (TPT) es una de las intervenciones clave recomendadas por la OMS para alcanzar las metas de la Estrategia Fin de la TB, tal como se sostuvo en la Reuni&#xF3;n de Alto Nivel de las Naciones Unidas sobre la TB en septiembre del 2018. El Ministerio de Salud P&#xFA;blica y Asistencia Social a trav&#xE9;s del Viceministerio de Salud Colectiva y el Programa de Tuberculosis (PT), Programa de VIH-ITS (antigua Direcci&#xF3;n General de Enfermedad Sexual y SIDA-DIGECITSS), Servicio Nacional de Salud (SNS) y referentes de Pediatr&#xED;a junto con el apoyo de Fondo Mundial ha desarrollado el presente manual para la estandarizaci&#xF3;n de los procedimientos para la administraci&#xF3;n de la TPT en el pa&#xED;s. El presente manual, es parte una estrategia nacional dotada tambi&#xE9;n con herramientas de monitoreo y evaluaci&#xF3;n junto con cursos para desarrollar capacidades en el personal de salud que permitan replicar las estrategias en los diferentes niveles. Este manual establece las bases y procedimientos para una realizaci&#xF3;n &#xF3;ptima de la TPT que contribuya en la prevenci&#xF3;n de la enfermedad y a largo plazo en la reducci&#xF3;n de la transmisi&#xF3;n e incidencia de la TB en la Rep&#xFA;blica Dominicana.</subfield>
  </datafield>
  <datafield tag="590" ind1=" " ind2=" ">
    <subfield code="a">Inventariado, 2024/ YL</subfield>
  </datafield>
  <datafield tag="650" ind1=" " ind2="4">
    <subfield code="a">Tuberculosis</subfield>
    <subfield code="x">Tratamiento</subfield>
    <subfield code="9">79001</subfield>
  </datafield>
  <datafield tag="710" ind1="1" ind2=" ">
    <subfield code="a">Ministerio de Salud P&#xFA;blica y Asistencia Social</subfield>
    <subfield code="9">86348</subfield>
  </datafield>
  <datafield tag="910" ind1=" " ind2=" ">
    <subfield code="a">YLockward</subfield>
  </datafield>
  <datafield tag="942" ind1=" " ind2=" ">
    <subfield code="2">ddc</subfield>
    <subfield code="c">LBS1</subfield>
  </datafield>
  <datafield tag="952" ind1=" " ind2=" ">
    <subfield code="0">0</subfield>
    <subfield code="1">0</subfield>
    <subfield code="2">ddc</subfield>
    <subfield code="5">1</subfield>
    <subfield code="7">0</subfield>
    <subfield code="8">PD</subfield>
    <subfield code="a">BNPHU</subfield>
    <subfield code="b">BNPHU</subfield>
    <subfield code="c">CT</subfield>
    <subfield code="d">2024-07-16</subfield>
    <subfield code="e">Deposito Legal</subfield>
    <subfield code="l">0</subfield>
    <subfield code="o"> BNPHU PD R426ma</subfield>
    <subfield code="p">2024-4885</subfield>
    <subfield code="r">2024-08-15</subfield>
    <subfield code="w">2024-08-15</subfield>
    <subfield code="y">LBS1</subfield>
  </datafield>
  <datafield tag="952" ind1=" " ind2=" ">
    <subfield code="0">0</subfield>
    <subfield code="1">0</subfield>
    <subfield code="2">ddc</subfield>
    <subfield code="5">1</subfield>
    <subfield code="7">0</subfield>
    <subfield code="8">PD</subfield>
    <subfield code="a">BNPHU</subfield>
    <subfield code="b">BNPHU</subfield>
    <subfield code="c">CT</subfield>
    <subfield code="d">2024-07-16</subfield>
    <subfield code="e">Deposito Legal</subfield>
    <subfield code="l">0</subfield>
    <subfield code="o"> BNPHU PD R426ma</subfield>
    <subfield code="p">2024-4886</subfield>
    <subfield code="r">2024-08-15</subfield>
    <subfield code="t">e. 2</subfield>
    <subfield code="w">2024-08-15</subfield>
    <subfield code="y">LBS1</subfield>
  </datafield>
  <datafield tag="952" ind1=" " ind2=" ">
    <subfield code="0">0</subfield>
    <subfield code="1">0</subfield>
    <subfield code="2">ddc</subfield>
    <subfield code="5">6</subfield>
    <subfield code="7">0</subfield>
    <subfield code="8">DS</subfield>
    <subfield code="a">BNPHU</subfield>
    <subfield code="b">BNPHU</subfield>
    <subfield code="c">CT</subfield>
    <subfield code="d">2024-07-16</subfield>
    <subfield code="e">Deposito Legal</subfield>
    <subfield code="l">0</subfield>
    <subfield code="o"> BNPHU DS R426ma</subfield>
    <subfield code="p">2024-4890</subfield>
    <subfield code="r">2024-08-15</subfield>
    <subfield code="t">e. 3</subfield>
    <subfield code="w">2024-08-15</subfield>
    <subfield code="y">LBS1</subfield>
  </datafield>
  <datafield tag="999" ind1=" " ind2=" ">
    <subfield code="c">57466</subfield>
    <subfield code="d">57466</subfield>
  </datafield>
</record>
